000 00229nam a2200097Ia 4500
008 170619s9999 xx 000 0 und d
100 _aBhavikatti S S
245 0 _aStructural Analysis II
260 _bNew Delhi : Oxford
260 _c2013
546 _aENGLISH
999 _c21700
_d21700